fast maths - Statistics

General Stats
  • This quiz has been taken 232 times
  • The average score is 8 of 8
Answer Stats
Equation Answer % Correct
45+100 145
99%
1+1 2
98%
99+1 100
96%
11+90 101
96%
66+10 76
95%
15+14 29
93%
6+76+10 92
91%
234+234 468
87%
No matching quizzes found
Score Distribution
Percent of People with Each Score
Percentile by Number Answered
Your Score History
You have not taken this quiz